| 000 | 00364cam a2200145ua 4500 | ||
|---|---|---|---|
| 041 |
_aeng _h |
||
| 082 |
_a823.301 _bSAY/TA |
||
| 100 | _aSayers, Collins. | ||
| 245 |
_aTales of crime and detection / _cCollins Sayers. _hTextual Documents |
||
| 260 |
_aCalcutta : _bOxford University Press. |
||
| 300 | _a92 ; . | ||
| 504 | _a | ||
| 942 | _cBK | ||
| 999 |
_c3152 _d3152 |
||